| 000 | 00745nam a22002057a 4500 | ||
|---|---|---|---|
| 003 | 0 | ||
| 005 | 20240111113235.0 | ||
| 008 | 240111b xxu||||| |||| 00| 0 eng d | ||
| 020 | _a978-1-138-04111-0 | ||
| 050 |
_aPN 4888 _b.R63 2022 |
||
| 100 | _aRoberts, Chris | ||
| 245 |
_aDoing ethics in media : theories and practicqal applications _cChris Roberts |
||
| 250 | _aSecond edition | ||
| 260 |
_aLondon ; New York _bRoutledge _cc2022. |
||
| 300 |
_aviii, 487 pages ; _c26cm. |
||
| 504 | _aIncludes bibliographical references, glossary, and index. | ||
| 650 | _aJournalistic ethics--United States--Handbooks, manuals, etc. | ||
| 650 | _aMass media--Moral and ethical aspects--United States--Handbooks, manuals, etc. | ||
| 942 |
_2lcc _cBK |
||
| 999 |
_c365848 _d365848 |
||